Zgadnij Piłkarza po Podpowiedziach - Statystyki

Ogólne statystyki
  • Ten quiz został rozwiązany 132 razy
  • Średni wynik to 4 z 8
Statystyki odpowiedzi
Podpowiedź Piłkarz % Poprawnych
Miły | Mistrz | Niski | Ciemnoskóry | Uśmiech Kante
82%
Przywiązanie | Rzym | Legenda Totti
76%
Wampir | Zemsta | Strzelec Suarez
73%
Fryzura | Boiskowy leń | Najdroższy Pogba
61%
Afera | Taśma | Zawieszenie Benzema
49%
Przyspieszenie | Brak Powołań | Problemy Grosicki
23%
Niewypał | Powrót | Fryzura Griezmann
12%
Rzeżączka | Kontrowersja | Wymiana Arthur
7%
Nie znaleziono quizów pasujących do podanych kryteriów
Rozkład punktacji
Procent ludzi z każdym wynikiem
Percentyl według liczby udzielonych odpowiedzi
Twoja historia wyników
Nie rozwiązałeś tego quizu